|
|
|
|
| LEADER |
00000nab a2200000 a 4500 |
| 001 |
vtls000648394 |
| 003 |
SK-MaSNL |
| 005 |
20260305003450.0 |
| 008 |
250425c1998 xo 0 slo |
| 015 |
|
|
|a SNBRA1998/01-01345
|
| 035 |
|
|
|a CLN000000590
|
| 035 |
|
|
|a urn:nbn:sk:snk-abaizb
|
| 035 |
|
|
|a (urnnbn)urn:nbn:sk:snk:ar-008nt0
|
| 035 |
|
|
|a (uuid)42dec419-6391-4f54-a8ae-67ffefff2a85
|
| 040 |
|
|
|a SNKBUCL
|b slo
|c SNKBUCL
|e AACR2
|
| 041 |
0 |
|
|a slo
|
| 044 |
|
|
|a xo
|c SK
|
| 080 |
|
|
|a 885.0-3
|2 1997
|
| 100 |
1 |
|
|a Hrabal, Bohumil,
|d 1914-1997
|4 aut
|9 110629
|
| 245 |
1 |
0 |
|a Čo to je krčma-
|c Bohumil Hrabal ; preložil Štefan Moravčík
|
| 300 |
|
|
|b Fotogr.
|
| 650 |
0 |
7 |
|a črty české
|2 snkbucl
|9 1391551
|
| 655 |
|
7 |
|a články z novín a časopisov
|2 snkbucl
|2 snkbucl
|9 267496
|
| 700 |
1 |
|
|a Moravčík, Štefan,
|d 1943-
|4 trl
|9 98697
|
| 773 |
0 |
|
|t Literárny týždenník
|g Roč. 11, č. 1 (1998), s. 8
|x 0862-5999
|
| 850 |
|
|
|a Slovenská národná knižnica
|
| 852 |
|
|
|a Slovenská národná knižnica
|
| 954 |
|
|
|a odborná, vedecká literatúra pôvodná (slovenská)
|2 lita
|
| 958 |
|
|
|a article14
|
| 958 |
|
|
|a LX
|
| 958 |
|
|
|a CZ
|
| 958 |
|
|
|a OND
|
| 958 |
|
|
|a EUIPO
|
| 992 |
|
|
|a RBX
|
| 999 |
|
|
|c 3230421
|d 3232351
|